MATHEMATICS FOR SOCIAL SCIENCE (Record no. 30995)

MARC details
000 -LEADER
fixed length control field 00412nam a22001697a 4500
003 - CONTROL NUMBER IDENTIFIER
control field OSt
005 - DATE AND TIME OF LATEST TRANSACTION
control field 20220221110704.0
008 - FIXED-LENGTH DATA ELEMENTS--GENERAL INFORMATION
fixed length control field 220221b |||||||| |||| 00| 0 eng d
020 ## - INTERNATIONAL STANDARD BOOK NUMBER
International Standard Book Number 978.9389441016
040 ## - CATALOGING SOURCE
Transcribing agency H U
082 ## - DEWEY DECIMAL CLASSIFICATION NUMBER
Classification number 300.151
100 ## - MAIN ENTRY--PERSONAL NAME
Personal name REID ,JOHNATHAN
9 (RLIN) 22893
245 ## - TITLE STATEMENT
Title MATHEMATICS FOR SOCIAL SCIENCE
260 ## - PUBLICATION, DISTRIBUTION, ETC.
Place of publication, distribution, etc. ENGLAND
Name of publisher, distributor, etc. ARTZ BOOKSco.uk
Date of publication, distribution, etc. 2020
300 ## - PHYSICAL DESCRIPTION
Extent 264
942 ## - ADDED ENTRY ELEMENTS (KOHA)
Source of classification or shelving scheme Dewey Decimal Classification
Koha item type Books like text book referance book
Suppress in OPAC No

No items available.